Body quiz - Statistics

General Stats
  • This quiz has been taken 57 times
  • The average score is 4 of 5
Answer Stats
Hint Answer % Correct
How many kidneys are there in the body? 2
100%
How many arms and legs do people have combined 4
98%
What is the maximum amount of teeth a human can have naturally. 32
81%
First 5 digits of Pi 3.1415
62%
Disestablishmentarianism but with anti infront of it. Antidisestablishmentarianism
48%
No matching quizzes found
Score Distribution
Percent of People with Each Score
Percentile by Number Answered
Your Score History
You have not taken this quiz